All Fortnite Weapons Chapter 1 Season 6 - Statistics

General Stats
  • This quiz has been taken 33 times
  • The average score is 59 of 85
Answer Stats
Weapon Type Rarity Answer % Correct
Rifle Common Assault Rifle
96%
Rifle Uncommon Assault Rifle
96%
Rifle Rare Assault Rifle
96%
Shotgun Epic Heavy
92%
Shotgun Legendary Heavy
92%
Rifle Rare Heavy AR
92%
Rifle Epic Heavy AR
92%
Rifle Legendary Heavy AR
92%
Pistol Common Pistol
92%
Pistol Uncommon Pistol
92%
Shotgun Uncommon Pump
92%
Shotgun Rare Pump
92%
Shotgun Epic Pump
92%
Shotgun Legendary Pump
92%
Consumable Uncommon Small Shield Potion
92%
Shotgun Common Tactical
92%
Shotgun Uncommon Tactical
92%
Shotgun Rare Tactical
92%
Explosives Common Grenades
88%
Rifle Epic Scar
88%
Rifle Legendary Scar
88%
Consumable Common Shield Potion
88%
Sniper Rare Bolt-Action Sniper
84%
Sniper Epic Bolt-Action Sniper
84%
Sniper Epic Heavy Sniper
84%
Sniper Legendary Heavy Sniper
84%
Consumable Epic Slurp Juice
84%
SMG Common Submachine Gun
84%
SMG Uncommon Submachine Gun
84%
SMG Rare Submachine Gun
84%
Rifle Common Burst AR
80%
Rifle Uncommon Burst AR
80%
Rifle Rare Burst AR
80%
Consumable Legendary Chug Jug
80%
SMG Epic Compact SMG
80%
SMG Legendary Compact SMG
80%
Rifle Epic Famas
80%
Rifle Legendary Famas
80%
Pistol Epic Hand Cannon
80%
Pistol Legendary Hand Cannon
80%
Explosives Epic Rocket Launcher
80%
Explosives Legendary Rocket Launcher
80%
Explosives Uncommon Clinger
72%
Trap Uncommon Damage Trap
72%
Explosives Rare Grenade Launcher
72%
Explosives Epic Grenade Launcher
72%
Explosives Legendary Grenade Launcher
72%
Sniper Uncommon Hunting Rifle
72%
Sniper Rare Hunting Rifle
72%
Trap Epic Launch Pad
72%
Shotgun Epic Double Barrel
68%
Shotgun Legendary Double Barrel
68%
Consumable Common Medkit
68%
Rifle Rare Scoped AR
68%
Rifle Epic Scoped AR
68%
Utility Epic Shockwave Grenade
68%
Pistol Rare Suppressed Pistol
68%
Pistol Epic Suppressed Pistol
68%
Consumable Common Bandage
64%
Rifle Rare Light Machine Gun
52%
Rifle Epic Light Machine Gun
52%
Rifle Epic Suppressed AR
52%
Rifle Legendary Suppressed AR
52%
Explosives Uncommon Dynamite
48%
Utility Epic Grappler
44%
Rifle Epic Minigun
44%
Rifle Legendary Minigun
44%
Utility Epic Port a Fort
44%
Utility Legendary Port a Fortress
44%
Explosives Epic Quad Launcher
44%
Explosives Legendary Quad Launcher
44%
Utility Epic Stink Bomb
44%
Trap Rare Cozy Campfire
40%
Pistol Uncommon Six Shooter
40%
Pistol Rare Six Shooter
40%
Pistol Epic Six Shooter
40%
Utility Uncommon Boogie Bomb
36%
Utility Legendary Bush
36%
Trap Common Chiller
36%
Utility Rare Impulse Grenade
36%
Trap Legendary Mounted Turret
36%
Utility Epic Rift to Go
36%
Rifle Epic Thermal Scoped AR
32%
Rifle Legendary Thermal Scoped AR
32%
Utility Epic Balloon
28%
No matching quizzes found
Score Distribution
Percent of People with Each Score
Percentile by Number Answered
Your Score History
You have not taken this quiz